Niezapomniane Jedenastki #25: Tottenham 2016/2017 - Statystyki

Ogólne statystyki
  • Ten quiz został rozwiązany 95 razy
  • Średni wynik to 9 z 11
Statystyki odpowiedzi
Pozycja Kraj Zawodnik % Poprawnych
N Anglia Harry Kane
99%
LS Korea Płd Son Heung-min
99%
ŚPO Dania Christian Eriksen
96%
BR Francja Hugo Lloris
96%
ŚO Belgia Jan Vertonghen
88%
PO Anglia Kyle Walker
79%
PS Anglia Dele Alli
77%
ŚO Belgia Toby Alderweireld
72%
LO Walia Ben Davies
71%
ŚPD Kenia Victor Wanyama
60%
ŚPD Anglia Eric Dier
44%
Nie znaleziono quizów pasujących do podanych kryteriów
Rozkład punktacji
Procent ludzi z każdym wynikiem
Percentyl według liczby udzielonych odpowiedzi
Twoja historia wyników
Nie rozwiązałeś tego quizu